ბათუმის შოთა რუსთაველის სახელმწიფო უნივერსიტეტის ბიბლიოთეკა

ორი რომანი:მშვიდობით,მთები კაბკასიისა;ცხელი ნაპირი (ბიბ.ჩანაწერი № 43618)

000 -LEADER
fixed length control field 00868nam a2200217Ia 4500
001 - CONTROL NUMBER
control field 10353
003 - CONTROL NUMBER IDENTIFIER
control field GE_BSU
008 - FIXED-LENGTH DATA ELEMENTS--GENERAL INFORMATION
fixed length control field 181216s||||||||xx |||||||||||||| ||und||
040 ## - CATALOGING SOURCE
Transcribing agency GE_BSU
080 ## - UNIVERSAL DECIMAL CLASSIFICATION NUMBER
Universal Decimal Classification number 821.353.1–31
100 ## - MAIN ENTRY--PERSONAL NAME
Personal name უბილავა,ელიზბარ
245 ## - TITLE STATEMENT
Title ორი რომანი:მშვიდობით,მთები კაბკასიისა;ცხელი ნაპირი
245 ## - TITLE STATEMENT
Statement of responsibility, etc. რედ.რ.ჯაფარიძე,მხატვ.ვ.ხიდაშელი
260 ## - PUBLICATION, DISTRIBUTION, ETC.
Place of publication, distribution, etc. თბილისი
260 ## - PUBLICATION, DISTRIBUTION, ETC.
Name of publisher, distributor, etc. საბჭოთა საქართველო
260 ## - PUBLICATION, DISTRIBUTION, ETC.
Date of publication, distribution, etc. 1988
300 ## - PHYSICAL DESCRIPTION
Extent 438გვ.20სმ.
653 ## - INDEX TERM--UNCONTROLLED
Uncontrolled term მშვიდობით,მთები კაბკასიისა;ცხელი ნაპირი
653 ## - INDEX TERM--UNCONTROLLED
Uncontrolled term ორი რომანი
942 ## - ADDED ENTRY ELEMENTS (KOHA)
Koha item type წიგნი
ეგზემპლარები
Withdrawn status Lost status Damaged status Not for loan Date acquired Barcode Date last seen Price effective from Koha item type
        2018-12-17 33974 2018-12-17 2018-12-17 წიგნი
        2018-12-17 33975 2018-12-17 2018-12-17 წიგნი
        2018-12-17 33976 2018-12-17 2018-12-17 წიგნი